<?xml version="1.0" encoding="UTF-8"?>
<record
    xmlns:xsi="http://www.w3.org/2001/XMLSchema-instance"
    xsi:schemaLocation="http://www.loc.gov/MARC21/slim http://www.loc.gov/standards/marcxml/schema/MARC21slim.xsd"
    xmlns="http://www.loc.gov/MARC21/slim">

  <leader>00471nam a2200169Ia 4500</leader>
  <controlfield tag="008">230718s9999    xx            000 0 und d</controlfield>
  <datafield tag="020" ind1=" " ind2=" ">
    <subfield code="a">9789352136049</subfield>
  </datafield>
  <datafield tag="041" ind1=" " ind2=" ">
    <subfield code="a">eng</subfield>
  </datafield>
  <datafield tag="082" ind1=" " ind2=" ">
    <subfield code="a">006.32</subfield>
    <subfield code="b">PAT</subfield>
  </datafield>
  <datafield tag="100" ind1=" " ind2=" ">
    <subfield code="a">Patterson J.</subfield>
    <subfield code="9">114454</subfield>
  </datafield>
  <datafield tag="245" ind1=" " ind2=" ">
    <subfield code="a">Deep Learning</subfield>
    <subfield code="b">A Practitioner's Approach</subfield>
  </datafield>
  <datafield tag="260" ind1=" " ind2=" ">
    <subfield code="c">2017</subfield>
    <subfield code="b">SPD/O'Reilly</subfield>
  </datafield>
  <datafield tag="300" ind1=" " ind2=" ">
    <subfield code="a">507</subfield>
  </datafield>
  <datafield tag="365" ind1=" " ind2=" ">
    <subfield code="c">Rs.</subfield>
    <subfield code="b">2050.00</subfield>
  </datafield>
  <datafield tag="700" ind1=" " ind2=" ">
    <subfield code="a">Patterson J. &amp; Gibson A.</subfield>
  </datafield>
  <datafield tag="906" ind1=" " ind2=" ">
    <subfield code="d">O:0785918-Feb-2023B:26713-Feb-2023</subfield>
    <subfield code="c">BBB-M</subfield>
    <subfield code="b">1025</subfield>
  </datafield>
  <datafield tag="999" ind1=" " ind2=" ">
    <subfield code="c">353501</subfield>
    <subfield code="d">353501</subfield>
  </datafield>
  <datafield tag="952" ind1=" " ind2=" ">
    <subfield code="0">0</subfield>
    <subfield code="1">0</subfield>
    <subfield code="4">0</subfield>
    <subfield code="7">0</subfield>
    <subfield code="a">CCEP</subfield>
    <subfield code="b">CCEP</subfield>
    <subfield code="d">2023-02-18</subfield>
    <subfield code="e">Om Book Stall</subfield>
    <subfield code="f">BBB-M</subfield>
    <subfield code="g">1537.50</subfield>
    <subfield code="i">267</subfield>
    <subfield code="l">2</subfield>
    <subfield code="o">006.32</subfield>
    <subfield code="p">CCEP-BK-64712</subfield>
    <subfield code="r">2025-05-31 00:00:00</subfield>
    <subfield code="s">2025-02-04</subfield>
    <subfield code="t">1025</subfield>
    <subfield code="v">2050.00</subfield>
    <subfield code="w">2023-02-13</subfield>
    <subfield code="y">BK</subfield>
    <subfield code="z">064712</subfield>
  </datafield>
</record>
